LEADER 01027nam0-2200313---450- 001 990009577440403321 005 20120522112900.0 010 $a0444422307 035 $a000957744 035 $aFED01000957744 035 $a(Aleph)000957744FED01 035 $a000957744 100 $a20120522d1983----km-y0itay50------ba 101 0 $amul 102 $aNL 105 $ay-------001yy 200 1 $aElsevier's dictionary of chemistry$eincluding terms from biochemistry in English, French, Spanish, Italian and German$fcompiled by A. F. Dorian 210 $aAmsterdam$aOxford [etc.]$cElsevier$d1983 215 $a685 p.$d25 cm 517 1 $aDictionary of chemistry : including terms in English, French, Spanish, Italian and German 676 $a540.3 700 1$aDorian,$bAngelo Francis$0450628 801 0$aIT$bUNINA$gRICA$2UNIMARC 901 $aBK 912 $a990009577440403321 952 $a80 XXV 65 CFT (9)$bCFT 719$fFFABC 959 $aFFABC 996 $aElsevier's dictionary of chemistry$9846845 997 $aUNINA LEADER 02011nam 2200505 a 450 001 9910782422403321 005 20230828223648.0 010 $a1-932802-60-6 024 3 $a9781932802146 035 $a(CKB)1000000000690051 035 $a(EBL)349826 035 $a(OCoLC)568040230 035 $a(SSID)ssj0000360348 035 $a(PQKBManifestationID)11244200 035 $a(PQKBTitleCode)TC0000360348 035 $a(PQKBWorkID)10337662 035 $a(PQKB)11307148 035 $a(MiAaPQ)EBC349826 035 $a(Au-PeEL)EBL349826 035 $a(CaPaEBR)ebr10237051 035 $a(CaONFJC)MIL541536 035 $a(EXLCZ)991000000000690051 100 $a20060321d2006 uy 0 101 0 $aeng 135 $aur|n|---||||| 181 $ctxt 182 $cc 183 $acr 200 10$aFrom VBA to VSTO$b[electronic resource] $eis Excel's new engine for you? /$fby Gerard M. Verschuuren 210 $aUniontown, Ohio $cHoly Macro Books$dc2006 215 $a1 online resource (225 p.) 300 $aIncludes index. 311 $a1-306-10285-5 311 $a1-932802-14-2 327 $aFront Cover; Title Page; Copyright Page; Table of Contents; About the Author; Prologue; Listing of Code Samples; Chapter 1; Chapter 2; Chapter 3; Chapter 4; Chapter 5; Chapter 6; Chapter 7; Chapter 8; Chapter 9; Chapter 10; Chapter 11; Chapter 12; Chapter 13; Chapter 14; Index; Back Cover 330 $aThis Excel user's guide to VSTO?the new Excel Macro programming language being promoted by Microsoft?shows how to perform the equivalent VBA actions with VSTO. The differences between the VSTO and VBA development environments are explained, helping Excel users decide if they should embrace VSTO or seek out other technologies. 676 $a005.5 700 $aVerschuuren$b G. M. N$g(Geert M. N.)$0863016 801 0$bMiAaPQ 801 1$bMiAaPQ 801 2$bMiAaPQ 906 $aBOOK 912 $a9910782422403321 996 $aFrom VBA to VSTO$93850093 997 $aUNINA LEADER 02625nam 2200601Ia 450 001 9910974339103321 005 20200520144314.0 010 $a1-281-90492-9 010 $a9786611904920 010 $a1-84593-332-X 035 $a(CKB)1000000000395939 035 $a(EBL)369420 035 $a(OCoLC)476204568 035 $a(SSID)ssj0000183150 035 $a(PQKBManifestationID)11198759 035 $a(PQKBTitleCode)TC0000183150 035 $a(PQKBWorkID)10194778 035 $a(PQKB)11284851 035 $a(MiAaPQ)EBC369420 035 $a(Au-PeEL)EBL369420 035 $a(CaPaEBR)ebr10256996 035 $a(EXLCZ)991000000000395939 100 $a20010731d2001 uy 0 101 0 $aeng 135 $aur|n|---||||| 181 $ctxt$2rdacontent 182 $cc$2rdamedia 183 $acr$2rdacarrier 200 00$aInvasive alien species $ea toolkit of best prevention and management practices /$fedited by Rudiger Wittenberg and Matthew J.W. Cock ; Global Invasive Species Programme (GISP) ... [et al.] 205 $a1st ed. 210 $aWallingford, Oxon, UK ;$aNew York $cCABI Pub.$dc2001 215 $a1 online resource (xii, 228 pages) $cillustrations 300 $a"The toolkit was designed and partially drafted at an international workshop held in Kuala Lumpur, 22-27 March, 1999".--Preface. 311 0 $a0-85199-569-1 320 $aIncludes bibliographical references (p. 228) and indexes. 327 $aINVASIVE ALIEN SPECIES: A Toolkit of Best Prevention and Management Practices; CONTENTS; PREFACE; TOOLKIT SUMMARY; Chapter 1. INTRODUCTION; Chapter 2. BUILDING STRATEGY AND POLICY; Chapter 3. PREVENTION; Chapter 4. EARLY DETECTION; Chapter 5. ASSESSMENT ANDMANAGEMENT; Cgapter 6. HOW TO USE THIS TOOLKIT; LOCALITY INDEX; TAXA INDEX; KEY PUBLICATIONS OF GISP 330 $aThe Global Invasive Species Programme (GISP) was established to address concerns with alien invasive species, formulated in the Convention on Biological Diversity. Its goal is to improve prevention and management of biological invasions, and this book represents a key outcome. 606 $aNonindigenous pests$xControl 606 $aPests$xControl 615 0$aNonindigenous pests$xControl. 615 0$aPests$xControl. 676 $a363.7/8 676 $a577.18 701 $aWittenberg$b Ru?diger$01890470 701 $aCock$b Matthew J. W$01890471 712 02$aGlobal Invasive Species Programme. 801 0$bMiAaPQ 801 1$bMiAaPQ 801 2$bMiAaPQ 906 $aBOOK 912 $a9910974339103321 996 $aInvasive alien species$94532374 997 $aUNINA